000 00369nam a2200133Ia 4500
008 151001s9999||||xx |||||||||||||| ||und||
100 _aरा मो लोहिया
245 _aइतिहास चक्र
250 _a1
260 _bप्रेस्टीज पब्लिकेशन पुणे
260 _c1971
300 _a87
365 _b22
999 _c957859
_d957856